00675nam a22002177a 450000500170000000800410001702000180005804000210007604100080009708200160010524500810012125000120020226000330021430000100024765000630025765000210032070000270034170000330036870000280040170000280042920250909113122.0250909b |||||||| |||| 00| 0 eng d a9789358498646 aIN-DiNCcIN-DiNC dasm a370.54bPRA aPrak swadhin Bharatat shikshar bikash (Major9)/cby Nabanita Deka and others a1st ed. aDibrugarh:bBanalata,c2025. a370p. aDevelopment of education in pre-independent India (Major9) aIndian education aDeka, Nabanitaeauthor aBaruah, Mamoni Gogoieauthor aTamuly, Purnimaeauthor aLahkar, Bornalieauthor